Statistics for Top "B" names for girls in 2013 in the United States.

Click here to take the quiz!

General Stats

  • This quiz has been taken 368 times
  • The average score is 16 of 38

Answer Stats

Answer% Correct
Bella
79%
Breanna
75%
Bria
75%
Briana
75%
Brianna
75%
Bryanna
75%
Britney
74%
Brittany
74%
Bethany
70%
Barbara
64%
Brenda
60%
Baylee
59%
Bayleigh
59%
Bailey
58%
Beatrice
53%
Brooke
45%
Brooklynn
43%
Belinda
42%
Brooklyn
42%
Bridget
41%
Bianca
34%
Bryn
33%
Brynn
33%
Blake
30%
Blakely
30%
Briella
26%
Brielle
26%
Blair
24%
Brenna
24%
Brinley
14%
Brynlee
14%
Brylee
11%
Bryleigh
11%
Bristol
10%
Braelyn
8%
Braelynn
8%
Braylee
5%
Belen
3%

Score Distribution

Percentile by Number Answered

Percent of People with Each Score

Your Score History

You have not taken this quiz